কবিতাসংগ্রহ / (Record no. 10738)
[ view plain ]
| 000 -LEADER | |
|---|---|
| fixed length control field | 00812nam a2200241 a 4500 |
| 001 - CONTROL NUMBER | |
| JCCL Control Number | 10738 |
| 003 - CONTROL NUMBER IDENTIFIER | |
| JCCL marc code | BD-JhCC |
| 005 - DATE AND TIME OF LATEST TRANSACTION | |
| control field | 20180816132121.0 |
| 008 - FIXED-LENGTH DATA ELEMENTS--GENERAL INFORMATION | |
| fixed length control field | 180816b2018 bg |||| |||| 000 0 ben d |
| 020 ## - INTERNATIONAL STANDARD BOOK NUMBER | |
| International Standard Book Number | 9788129529619 |
| 035 ## - SYSTEM CONTROL NUMBER | |
| system control number | (BD-JhCC)10738 |
| 040 ## - CATALOGING SOURCE | |
| Original cataloging agency | BD-JhCC |
| Modifying agency | BD-JhCC |
| 041 ## - LANGUAGE CODE | |
| Language code of Book | BEN |
| 082 ## - DEWEY DECIMAL CLASSIFICATION NUMBER | |
| Classification number | 891.4415 |
| Author mark and Year | UDD 2018 |
| 100 ## - MAIN ENTRY--PERSONAL NAME | |
| Personal name | উদ্দীন, জসীম |
| 245 ## - TITLE STATEMENT | |
| Title | কবিতাসংগ্রহ / |
| Statement of responsibility, etc | জসীম উদ্দীন, পুলক চন্দ সম্পাদনায় |
| 260 ## - PUBLICATION, DISTRIBUTION, ETC. (IMPRINT) | |
| Place of publication, distribution, etc | কলকাতা : |
| Name of publisher, distributor, etc | দে’জ পাবলিশিং, |
| Date of publication, distribution, etc | ২০১৮. |
| 300 ## - PHYSICAL DESCRIPTION | |
| Pagination | ৫৭৬ পৃ. : |
| Dimensions | ২৫ সেমি. |
| 650 ## - SUBJECT ADDED ENTRY--TOPICAL TERM | |
| Topical term or geographic name as entry element | বাংলা কবিতা |
| 650 ## - SUBJECT ADDED ENTRY--TOPICAL TERM | |
| Topical term or geographic name as entry element | Bengali Poem |
| 700 ## - ADDED ENTRY--PERSONAL NAME | |
| Personal name | চন্দ, পুলক |
| 942 ## - ADDED ENTRY ELEMENTS (KOHA) | |
| Source of classification or shelving scheme | Dewey Decimal Classification |
| Koha item type | Reference |
| Source of classification or shelving scheme | volume number | Damaged status | Not for loan | Home library | Current library | Shelving location | Date of accession | Cost, normal purchase price | Total Checkouts | Full call number | Barcode | Date last seen | Copy number | Koha item type |
|---|---|---|---|---|---|---|---|---|---|---|---|---|---|---|
| Dewey Decimal Classification | V-1 | JCC Rouf Library | JCC Rouf Library | General Stacks | 08/16/2018 | 750.00 | 891.4415 UDD 2018 | 14209 | 08/16/2018 | C-1 | Reference | |||
| Dewey Decimal Classification | V-2 | JCC Rouf Library | JCC Rouf Library | General Stacks | 08/16/2018 | 750.00 | 891.4415 UDD 2018 | 14210 | 08/16/2018 | C-2 | Reference |